000 00611nam a2200265Ia 4500
005 20260306163545.0
008 008 260114s9999 xx 000 0 eng d
020 _a9781479810932
037 _aEBOOK
040 _aCRL
040 _beng
040 _cCRL
041 _2eng
041 _aeng
084 _qCRL
100 _aIbrahim
245 0 _aBlack Age: Oceanic Lifespans And The Time Of Black Life
260 _bNYU Press
260 _c2022
650 _aSocial Work
856 _uhttps://academic.oup.com/book/42468
942 _cEBOOK
999 _c1710576
_d1710576